ბათუმის შოთა რუსთაველის სახელმწიფო უნივერსიტეტის ბიბლიოთეკა

სტატიები განათლების საკითხებზე : (ბიბ.ჩანაწერი № 37542)

000 -ლიდერი
ფიქსირებული სიგრძის საკონტროლო ველი 01652nam a2200289Ia 4500
001 - საკონტროლო ნომერი
საკონტროლო ველი 3507
003 - საკონტროლო ნომრის იდენტიფიკატორი
საკონტროლო ველი GE_BSU
005 - ბოლო ოპერაციის თარიღი და დრო
საკონტროლო ველი 20190618182751.0
008 - ფიქსირებული სიგრძის მონაცემთა ელემენტები - ზოგადი ინფორმაცია
ფიქსირებული სიგრძის საკონტროლო ველი 181216s2010||||ge |||||||||||||| ||geo||
020 ## - წიგნის საერთაშორისო სტანდარტული ნომერი
International Standard Book Number 9789941022197
040 ## - კატალოგიზაციის წყარო
Transcribing agency GE_BSU
041 ## - ენის კოდი
Language code of text/sound track or separate title geo
080 ## - უნივერსალური ათობითი კლასიფიკაციის ინდექსი
Universal Decimal Classification number 37 ს–82
245 ## - ცნობა სათაურის შესახებ
Title სტატიები განათლების საკითხებზე :
Remainder of title კრებული /
Statement of responsibility, etc მთარგმნ. მაია ჩანქსელიანი, თეო ნეფარიძე ; რედ.: მაია მენაბდე, სოფიო გორგოძე, ნათია ნაცვლიშვილი.
264 ## - წარმოების, გამოცემის, დისტრიბუციის და სხვა ცნობები
გამოცემის, წარმოების, დისტრიბუციის... ადგილი თბილისი :
გამოცემის, წარმოების, დისტრიბუციის... სახელწოდება მასწავლებელთა პროფეს. განვითარების ცენტრი,
გამოცემის, წარმოების, დისტრიბუციის... თარიღი 2010.
300 ## - ფიზიკური აღწერა
Extent 168 გვ. ;
Other physical details 24 სმ.
504 ## - BIBLIOGRAPHY, ETC. NOTE
Bibliography, etc ბიბლიოგრ.: გვ. 166-168.
653 ## - INDEX TERM--UNCONTROLLED
Uncontrolled term განათლება
700 ## - ADDED ENTRY--PERSONAL NAME
Personal name ჰარგრივსი, ენდი
Relator term ავტორი
9 (RLIN) 2566
700 ## - ADDED ENTRY--PERSONAL NAME
Personal name ლაბარე, დევიდ ფ.
Relator term ავტორი
9 (RLIN) 2567
700 ## - ADDED ENTRY--PERSONAL NAME
Personal name გარდნერი, ჰოვარდ
Relator term ავტორი
9 (RLIN) 2568
700 ## - ADDED ENTRY--PERSONAL NAME
Personal name დონოვანი, სიუზან მ. და სხვ.
Relator term ავტორი
9 (RLIN) 2569
700 ## - ADDED ENTRY--PERSONAL NAME
Personal name ჩანქსელიანი, მაია
Relator term მთარგმნელი
9 (RLIN) 2570
700 ## - ADDED ENTRY--PERSONAL NAME
Personal name ნეფარიძე, თეო
Relator term მთარგმნელი
9 (RLIN) 2571
700 ## - ADDED ENTRY--PERSONAL NAME
Personal name მენაბდე, მაია და სხვ.
Relator term რედაქტორი
9 (RLIN) 2572
942 ## - ADDED ENTRY ELEMENTS (KOHA)
Koha item type წიგნი
Source of classification or shelving scheme
ეგზემპლარები
ჩამოწერის სტატუსი დაკარგული ეგზემპლარის სტატუსი კლასიფიკაციის წყარო ან თაროზე გაწყობის სქემა დაზიანების სტატუსი არ გაიცემა მუდმივი მდებარეობა (დაცვის ადგილი) ამჟამინდელი ადგილსამყოფელი თაროზე განთავსების ადგილი შეძენის თარიღი სრული შენახვის შიფრი შტრიხკოდი ბოლო ოპერაციის თარიღი ეგზემპლარის მიმდევრობითი ნომერი (კეტერი?) ფასის ძალაში შესვლის თარიღი ეგზემპლარის სახეობა საჯარო შენიშვნა ღირებულება, შესყიდვის ნორმალური ფასი
          ბათუმის შოთა რუსთაველის სახელმწიფო უნივერსიტეტის მთავარი ბიბლიოთეკა ბათუმის შოთა რუსთაველის სახელმწიფო უნივერსიტეტის მთავარი ბიბლიოთეკა წიგნსაცავი 2018-12-17 37 ს–82 4984 2018-12-17 4984 2018-12-17 წიგნი  
          ბათუმის შოთა რუსთაველის სახელმწიფო უნივერსიტეტის მთავარი ბიბლიოთეკა ბათუმის შოთა რუსთაველის სახელმწიფო უნივერსიტეტის მთავარი ბიბლიოთეკა წიგნსაცავი 2018-12-17 37 ს–82 4985 2018-12-17 4985 2018-12-17 წიგნი  
          ბათუმის შოთა რუსთაველის სახელმწიფო უნივერსიტეტის მთავარი ბიბლიოთეკა ბათუმის შოთა რუსთაველის სახელმწიფო უნივერსიტეტის მთავარი ბიბლიოთეკა წიგნსაცავი 2018-12-17 37 ს–82 4986 2018-12-17 4986 2018-12-17 წიგნი  
          ბათუმის შოთა რუსთაველის სახელმწიფო უნივერსიტეტის მთავარი ბიბლიოთეკა ბათუმის შოთა რუსთაველის სახელმწიფო უნივერსიტეტის მთავარი ბიბლიოთეკა წიგნსაცავი 2018-12-17 37 ს–82 4987 2018-12-17 4987 2018-12-17 წიგნი  
          ბათუმის შოთა რუსთაველის სახელმწიფო უნივერსიტეტის მთავარი ბიბლიოთეკა ბათუმის შოთა რუსთაველის სახელმწიფო უნივერსიტეტის მთავარი ბიბლიოთეკა წიგნსაცავი 2018-12-17 37 ს–82 35138 2018-12-17 35138 2018-12-17 წიგნი 6 ლ. 90 თ. 6.90
          ბათუმის შოთა რუსთაველის სახელმწიფო უნივერსიტეტის მთავარი ბიბლიოთეკა ბათუმის შოთა რუსთაველის სახელმწიფო უნივერსიტეტის მთავარი ბიბლიოთეკა წიგნსაცავი 2018-12-17 37 ს–82 35139 2018-12-17 35139 2018-12-17 წიგნი 6 ლ. 90 თ. 6.90
          ბათუმის შოთა რუსთაველის სახელმწიფო უნივერსიტეტის მთავარი ბიბლიოთეკა ბათუმის შოთა რუსთაველის სახელმწიფო უნივერსიტეტის მთავარი ბიბლიოთეკა წიგნსაცავი 2019-06-18 37 ს–82 47803 2019-06-18 47803 2019-06-18 წიგნი 9 ლ. 30 თ. 9.30
          ბათუმის შოთა რუსთაველის სახელმწიფო უნივერსიტეტის მთავარი ბიბლიოთეკა ბათუმის შოთა რუსთაველის სახელმწიფო უნივერსიტეტის მთავარი ბიბლიოთეკა წიგნსაცავი 2019-06-18 37 ს–82 47804 2019-06-18 47804 2019-06-18 წიგნი 9 ლ. 30 თ. 9.30
          ბათუმის შოთა რუსთაველის სახელმწიფო უნივერსიტეტის მთავარი ბიბლიოთეკა ბათუმის შოთა რუსთაველის სახელმწიფო უნივერსიტეტის მთავარი ბიბლიოთეკა წიგნსაცავი 2019-06-18 37 ს–82 47805 2019-06-18 47805 2019-06-18 წიგნი 9 ლ. 30 თ. 9.00
          ბათუმის შოთა რუსთაველის სახელმწიფო უნივერსიტეტის მთავარი ბიბლიოთეკა ბათუმის შოთა რუსთაველის სახელმწიფო უნივერსიტეტის მთავარი ბიბლიოთეკა წიგნსაცავი 2019-06-18 37 ს–82 47806 2019-06-18 47806 2019-06-18 წიგნი 9 ლ. 30 თ. 9.30
          ბათუმის შოთა რუსთაველის სახელმწიფო უნივერსიტეტის მთავარი ბიბლიოთეკა ბათუმის შოთა რუსთაველის სახელმწიფო უნივერსიტეტის მთავარი ბიბლიოთეკა წიგნსაცავი 2019-06-18 37 ს–82 47807 2019-06-18 47807 2019-06-18 წიგნი 9 ლ. 30 თ. 9.30